000 01164cam a2200493ua 4500
020 _c15.75
041 _aeng
_h
082 _a632.952
_bNEN/FU
100 _aNene, Y L .
245 _aFungicides in plant disease control /
_cY.L.Nene.
_hTextual Documents
250 _a2 /
_b.
260 _aNew Delhi :
_bOxford & IBH Publishing company ,
_c1982.
300 _a507 ; .
365 _a15.75
504 _a
700 1 _aThapliyal, P N .
942 _cBK
999 _c3139
_d3139